White 2115 - Saint Tropez (Odgadnij cały tekst) - Statystyki

Ogólne statystyki
  • Ten quiz został rozwiązany 150 razy
  • Średni wynik to 216 z 310
Statystyki odpowiedzi
Odpowiedź % Poprawnych
na
93%
w
93%
W
93%
z
93%
Z
93%
A
90%
ja
90%
Nie
87%
nie
87%
Nie
87%
się
87%
I
86%
i
86%
jak
86%
Jak
86%
za
86%
mnie
84%
to
84%
jest
83%
raz
83%
Saint-Tropez
82%
dziesięć
81%
nam
81%
do
80%
ty
80%
Ty
80%
lat
78%
razem
78%
Zaraz
78%
chcę
77%
jesteś
77%
Jesteś
77%
mi
77%
mój
77%
Przy
77%
że
77%
ze
77%
Ci
76%
nawet
76%
Nawet
76%
wybije
76%
przytul
75%
Tobą
75%
Znasz
75%
chodź
73%
lepiej
73%
chujowy
72%
niż
72%
sam
72%
żart
72%
życiu
72%
będę
71%
siebie
71%
Tobie
71%
twój
71%
uśmiech
71%
Wiem
71%
wiem
71%
Bałtyku
70%
domu
70%
spokój
70%
Bo
69%
bo
69%
Malibu
69%
piękne
69%
Dawaj
67%
dziękuje
67%
tak
67%
pojebało
66%
przez
66%
którego
65%
ogrzej
65%
znać
65%
czy
64%
gdyby
64%
wracać
64%
Chyba
63%
no
63%
oszalałaś
63%
punkcie
63%
tata
63%
też
63%
twoim
63%
dla
61%
miałbym
61%
dalej
60%
obejrzał
60%
samo
60%
uciekać
60%
we
60%
wierzę
60%
żebym
60%
gum
59%
mówiłaś
59%
oglądałaś
59%
Titanicu
59%
go
58%
oglądałem
58%
używać
58%
wierzysz
58%
głową
57%
powodem
57%
moją
55%
terapeutką
55%
palić
54%
płakać
54%
radzisz
54%
skarbie
54%
sobie
54%
najlepszą
53%
obok
53%
pić
53%
Pić
53%
tańczyć
53%
zawsze
53%
mną
52%
robić
52%
skoro
52%
sztuk
52%
tym
52%
kiedy
51%
od
51%
oparach
51%
Paryż
49%
sen
49%
dymu
48%
napady
48%
nocy
48%
pełen
48%
Pokój
48%
sama
48%
sztuki
47%
dawna
46%
Próbuję
46%
utoniesz
46%
wszystkim
46%
Żebyś
46%
będziesz
45%
czas
45%
czujesz
45%
myślała
45%
oszaleć
45%
nadal
43%
najpiękniejszą
43%
znowu
43%
dzieło
42%
Luwr
42%
jeszcze
41%
Mogę
41%
Jestem
40%
rozumiem
40%
być
39%
byle
39%
nikim
39%
zmęczona
37%
musisz
36%
wiesz
36%
mówić
35%
spokojniejszy
35%
jedno
34%
Lecz
34%
słowo
34%
tylko
34%
starczy
33%
wszystko
31%
poważnie
28%
mieć
24%
Nie znaleziono quizów pasujących do podanych kryteriów
Rozkład punktacji
Procent ludzi z każdym wynikiem
Percentyl według liczby udzielonych odpowiedzi
Twoja historia wyników
Nie rozwiązałeś tego quizu